000 01228nam a2200349 a 4500
001 000113929
003 CHAP
005 20220329144419.0
008 171009s2017 mx a fsm |||||||spa d
010 _a110390
011 _a111362
040 _cCHAP
090 _aTesis
100 1 _aAlejandro Méndez, Fermin
_9133717
245 1 0 _aProyecto de un sistema de riego presurizado en la UMA San Joaquín, Chiapas /
_h[En línea]
_cpor Fermín Alejandro Méndez.
260 _aChapingo, Méx. :
_bEl autor,
_c2017.
500 _aPara ver el contenido del material haga clic en la liga
502 _aTesis (Ing. en Irrigación) -- UACH. Departamento de Irrigación
590 _aBATCH
_b00
_c20181121
_lUCH01
_h0758
590 _aE8697GMM
_b05
_c20171009
_lUCH01
_h1149
590 _aE8697GMM
_b05
_c20171009
_lUCH01
_h1344
650 1 4 _aIrrigación
_xProyectos
_xChiapas.
_960447
650 1 4 _aRiego por aspersión.
_997375
650 1 4 _aRiego presurizado.
_997385
650 1 4 _aSistemas de riego
_xCostos.
_9133718
650 1 4 _aSistemas de riego
_xDiseño.
_9130593
856 _a1
_n0000204
856 _aFinding aid
_uhttp://10.13.5.2/tesis/sist113929.pdf
_zTeclea aquí
901 _aBK
942 _cTESIS
942 _n0
999 _c110390
_d110390